00365nam a22001337a 450000500170000000800410001704100130005808200130007110000130008424500310009726000470012830000300017565000260020520240719071001.0240719b |||||||| |||| 00| 0 eng d aEnglish  a349 SOU  lEnglish  aSouth African Law Reports  aCape Town: bJuta and Company Ltd, c1979  bxx, 1090 pages; c26 cm.  aLegal practice bLaw